00355nam a22001097a 4500008004100000020001500041082001600056100003900072245010800111260001800219300000800237230619b xxu||||| |||| 00| 0 eng d a1843695375 a304.83bCOT cLorenzo Cotula and Camilla Toulmin aTill to TillerbInternational Migration, remittances and Land rights in West Africacissue paper no.132 cNovember 2004 a92p